[Event "British ch-KO 2016"]
[Site "London ENG"]
[Date "2016.12.08"]
[Round "1.1"]
[White "Short, Nigel D"]
[Black "Fernandez, Daniel Howard"]
[Result "1/2-1/2"]
[WhiteTitle "GM"]
[BlackTitle "IM"]
[WhiteElo "2679"]
[BlackElo "2468"]
[WhiteFideId "400025"]
[BlackFideId "5801605"]
[EventDate "2016.12.08"]

1. e4 e5 2. Nf3 Nf6 3. Nxe5 d6 4. Nf3 Nxe4 5. d4 d5 6. Bd3 Nd6 7. O-O Be7 8. Re1
O-O 9. Bf4 Bg4 10. Nbd2 Nd7 11. c3 Nf6 12. Qb3 Rb8 13. Re2 Re8 14. Rae1 Bf8 15.
Rxe8 Ndxe8 16. Ne5 Bh5 17. h3 Bg6 18. Nxg6 hxg6 19. c4 Bd6 20. Bg5 c6 21. c5 Bc7
22. Qa4 Qc8 23. Nf3 Nh7 24. Bd2 Nef6 25. b4 a6 26. Qc2 Nf8 27. a4 Ra8 28. Qb1
Ne6 29. b5 axb5 30. axb5 Ba5 31. Bxa5 Rxa5 32. bxc6 bxc6 33. g3 Ra3 34. Re2 Qa8
35. Kh2 Ra1 36. Qb2 Kh7 37. Kg2 Qa3 38. Ne5 Qxb2 39. Rxb2 Ra3 40. Rb7 Nxd4 41.
Rxf7 Ne4 42. Bxe4 dxe4 43. Rf4 Nf3 44. Rxe4 Nxe5 45. Rxe5 Rc3 46. h4 Rc4 47. f4
Kh6 48. Kh2 Kh7 49. Kh3 Rc3 50. Kg4 Kh6 51. h5 gxh5+ 52. Rxh5+ Kg6 53. Rg5+ Kf6
54. Kh5 Kf7 55. Rf5+ Kg8 56. g4 Rh3+ 57. Kg5 Rh1 58. Re5 Kf7 59. Kf5 Rc1 60. Ke4
g6 61. g5 Re1+ 62. Kd4 Rf1 63. Re4 Rd1+ 64. Kc4 Rd5 65. Rd4 Rf5 66. Kb4 Ke7 67.
Rc4 Ke6 68. Rd4 Ke7 69. Rd6 Rxf4+ 70. Ka5 Rf5 71. Kb6 Rxg5 72. Kxc6 Rg1 73. Kc7
g5 74. c6 g4 75. Rd2 Kf6 76. Kd7 Rc1 77. c7 Ke5 78. c8=Q Rxc8 79. Kxc8 Kf4 80.
Kd7 g3 81. Ke6 Kf3 82. Kf5 g2 83. Rd1 Kf2 84. Kf4 g1=Q 85. Rxg1 Kxg1 1/2-1/2

[Event "British ch-KO 2016"]
[Site "London ENG"]
[Date "2016.12.08"]
[Round "1.1"]
[White "Jones, Gawain C B"]
[Black "Rowson, Jonathan"]
[Result "1-0"]
[WhiteTitle "GM"]
[BlackTitle "GM"]
[WhiteElo "2667"]
[BlackElo "2565"]
[WhiteFideId "409561"]
[BlackFideId "2400561"]
[EventDate "2016.12.08"]

1. e4 c5 2. Nf3 Nc6 3. c3 Nf6 4. e5 Nd5 5. Bc4 Nb6 6. Bb3 c4 7. Bc2 Qc7 8. O-O
Nxe5 9. Nxe5 Qxe5 10. Re1 Qc7 11. a4 d5 12. Na3 a6 13. a5 Nd7 14. d3 e6 15. dxc4
dxc4 16. Qd4 Qxa5 17. Be3 Qc7 18. Nb5 Qc6 19. Ra5 Nf6 20. Qe5 axb5 21. Rxa8 Be7
22. Ra5 Bd7 23. Qb8+ Bc8 24. Qe5 Bd7 25. Ra8+ Bc8 26. Bd1 O-O 27. Bf3 Nd5 28.
Bd4 Bf6 29. Bxd5 exd5 30. Qf4 Bxd4 31. Qxd4 Be6 32. Rea1 f6 33. Rxf8+ Kxf8 34.
Qh4 Bf5 35. Qf4 Be6 36. h4 h5 37. Ra8+ Kf7 38. Rh8 Qb6 39. Qf3 g6 40. Qf4 Bf5
41. Qb8 Ke6 42. Qe8+ Kd6 43. Rf8 Kc5 44. Qe3+ 1-0

[Event "British ch-KO 2016"]
[Site "London ENG"]
[Date "2016.12.08"]
[Round "1.1"]
[White "Pert, Nicholas"]
[Black "Howell, David W L"]
[Result "1/2-1/2"]
[WhiteTitle "GM"]
[BlackTitle "GM"]
[WhiteElo "2568"]
[BlackElo "2644"]
[WhiteFideId "403989"]
[BlackFideId "410608"]
[EventDate "2016.12.08"]

1. d4 Nf6 2. Nf3 g6 3. c4 Bg7 4. Nc3 d5 5. cxd5 Nxd5 6. e4 Nxc3 7. bxc3 c5 8.
Rb1 O-O 9. Be2 Nc6 10. d5 Ne5 11. Nxe5 Bxe5 12. Qd2 e6 13. f4 Bc7 14. O-O exd5
15. exd5 Ba5 16. d6 Rb8 17. Rb5 b6 18. Rxa5 bxa5 19. Ba3 Re8 20. Bxc5 Bf5 21. c4
Rc8 22. Be3 Rxe3 23. Qxe3 Qxd6 24. Rd1 Qb6 25. Qxb6 axb6 26. Kf2 Kf8 27. Rd6 Be6
28. Rxb6 Bxc4 29. Rb2 Be6 30. a4 Bd7 31. Bb5 Be6 32. Be2 Bd7 33. Bb5 Rb8 34. Ke3
Ke7 35. g3 h5 36. Rb1 h4 37. gxh4 Be6 38. h5 gxh5 39. Rc1 Rg8 40. Rc5 h4 41. f5
Bb3 42. Rc3 Bd5 43. Kf4 Rg2 44. Ke5 Ba2 45. Rc7+ Kd8 46. Rd7+ Kc8 47. h3 Rh2 48.
Rd3 Bb1 49. Rc3+ Kd8 50. Kf6 Rf2 51. Rc5 Rf3 52. Bc4 Rc3 53. Rd5+ Kc7 54. Bb5
Rxh3 55. Rd7+ Kb6 56. Rxf7 Rf3 57. Bd7 h3 58. Rh7 Kc5 59. Rh4 Kd6 60. Be6 Bd3
61. Rd4+ Kc5 62. Rh4 Kd6 63. Rd4+ Kc5 64. Rh4 Kd6 1/2-1/2

[Event "British ch-KO 2016"]
[Site "London ENG"]
[Date "2016.12.08"]
[Round "1.1"]
[White "Hawkins, Jonathan"]
[Black "McShane, Luke J"]
[Result "1/2-1/2"]
[WhiteTitle "GM"]
[BlackTitle "GM"]
[WhiteElo "2590"]
[BlackElo "2652"]
[WhiteFideId "412686"]
[BlackFideId "404853"]
[EventDate "2016.12.08"]

1. d4 d5 2. c4 c6 3. Nf3 Nf6 4. Nc3 a6 5. e3 b5 6. b3 Bg4 7. Be2 e6 8. h3 Bh5 9.
g4 Bg6 10. Ne5 Bb4 11. Bd2 Bxc3 12. Bxc3 Ne4 13. Rc1 Nd7 14. Nxg6 hxg6 15. Kf1
Nxc3 16. Rxc3 O-O 17. Kg2 Nf6 18. Rc2 g5 19. Bf3 bxc4 20. bxc4 Rb8 21. Qd3 a5
22. Rhc1 Qb6 23. cxd5 cxd5 24. Rc6 Qb2 25. Qc3 Qxa2 26. Ra1 Qb2 27. Rxa5 Qxc3
28. Rxc3 Rb7 29. Kg3 g6 30. Rca3 Kg7 31. Bg2 Rc8 32. Ra2 Rc1 33. Ra7 Rxa7 1/2-1/2

[Event "British ch-KO 2016"]
[Site "London ENG"]
[Date "2016.12.08"]
[Round "1.2"]
[White "Fernandez, Daniel Howard"]
[Black "Short, Nigel D"]
[Result "1/2-1/2"]
[WhiteTitle "IM"]
[BlackTitle "GM"]
[WhiteElo "2468"]
[BlackElo "2679"]
[WhiteFideId "5801605"]
[BlackFideId "400025"]
[EventDate "2016.12.08"]

1. Nf3 Nf6 2. d4 e6 3. Bf4 d5 4. e3 Bd6 5. Bg3 Nbd7 6. c4 Qe7 7. Nc3 c6 8. a3
O-O 9. Bd3 b6 10. Bh4 Bb7 11. O-O Rfe8 12. Qe2 h6 13. cxd5 exd5 14. Bxf6 Nxf6
15. Ba6 Rad8 16. Bxb7 Qxb7 17. Rac1 c5 18. dxc5 bxc5 19. Qb5 Qa8 20. Qa5 d4 21.
exd4 cxd4 22. Nb5 d3 23. Qxa7 Qxa7 24. Nxa7 d2 25. Rcd1 Ne4 26. Nb5 Bc5 27. Nc3
f5 28. g3 g5 29. Kg2 Nxc3 30. bxc3 Re2 31. a4 Kf7 32. a5 g4 33. Nd4 Bxd4 34.
cxd4 Rxd4 35. Ra1 Re7 36. Rfd1 Ra7 1/2-1/2

[Event "British ch-KO 2016"]
[Site "London ENG"]
[Date "2016.12.08"]
[Round "1.2"]
[White "Rowson, Jonathan"]
[Black "Jones, Gawain C B"]
[Result "1/2-1/2"]
[WhiteTitle "GM"]
[BlackTitle "GM"]
[WhiteElo "2565"]
[BlackElo "2667"]
[WhiteFideId "2400561"]
[BlackFideId "409561"]
[EventDate "2016.12.08"]

1. d4 Nf6 2. c4 e6 3. Nf3 c5 4. d5 d6 5. Nc3 exd5 6. cxd5 g6 7. Nd2 Bg7 8. e4
O-O 9. Be2 h5 10. O-O Re8 11. Rb1 b6 12. f3 h4 13. f4 Ba6 14. Bxa6 Nxa6 15. Qf3
Qd7 16. f5 b5 17. b3 Nc7 18. Bb2 gxf5 19. Qxf5 Qxf5 20. Rxf5 b4 21. Nb5 Nxb5 22.
Bxf6 Bxf6 23. Rxf6 Nc3 24. Rbf1 Nxe4 25. Nxe4 Rxe4 26. Rxd6 Re2 27. Ra6 Rd2 28.
d6 Re8 29. Rxa7 Ree2 30. Rfxf7 Rd1+ 31. Rf1 Rdd2 32. Rff7 Rd1+ 33. Rf1 Rdd2 34.
Rff7 Rd1+ 1/2-1/2

[Event "British ch-KO 2016"]
[Site "London ENG"]
[Date "2016.12.08"]
[Round "1.2"]
[White "Howell, David W L"]
[Black "Pert, Nicholas"]
[Result "1-0"]
[WhiteTitle "GM"]
[BlackTitle "GM"]
[WhiteElo "2644"]
[BlackElo "2568"]
[WhiteFideId "410608"]
[BlackFideId "403989"]
[EventDate "2016.12.08"]

1. c4 e5 2. g3 Nf6 3. Bg2 c6 4. Nf3 e4 5. Nd4 Qb6 6. Nc2 d5 7. cxd5 cxd5 8. d3
Nc6 9. O-O Be7 10. Nc3 O-O 11. Bg5 Rd8 12. dxe4 dxe4 13. Qc1 h6 14. Be3 Qa6 15.
Rd1 Bg4 16. Rd2 Rxd2 17. Qxd2 Rd8 18. Qe1 Nb4 19. Rc1 Nbd5 20. Nxe4 Qxa2 21. Bd4
b6 22. Nxf6+ Nxf6 23. Nb4 Qe6 24. Nc6 Rd7 25. e3 Bd6 26. b4 Nh7 27. h4 g5 28. f3
Bh3 29. g4 Bxg2 30. Kxg2 h5 31. gxh5 g4 32. Qe2 Bxb4 33. fxg4 Bc5 34. Qf3 Rd5
35. Rf1 f6 36. Bxc5 Rd2+ 37. Kh3 bxc5 38. Nxa7 Qe5 39. Qg3 Re2 40. Qxe5 fxe5 41.
Nc6 Rxe3+ 42. Kg2 Kg7 43. Ne7 Re2+ 44. Kf3 Ra2 45. Nf5+ Kf6 46. Rb1 Nf8 47. Rb6+
Ne6 48. h6 Kf7 49. g5 Nf8 50. Rf6+ Ke8 51. Ng7+ Ke7 52. Nf5+ Ke8 53. Rxf8+ Kxf8
54. h7 Ra3+ 55. Ke4 1-0

[Event "British ch-KO 2016"]
[Site "London ENG"]
[Date "2016.12.08"]
[Round "1.2"]
[White "McShane, Luke J"]
[Black "Hawkins, Jonathan"]
[Result "1/2-1/2"]
[WhiteTitle "GM"]
[BlackTitle "GM"]
[WhiteElo "2652"]
[BlackElo "2590"]
[WhiteFideId "404853"]
[BlackFideId "412686"]
[EventDate "2016.12.08"]

1. e4 e6 2. d4 d5 3. e5 c5 4. c3 Nc6 5. Nf3 Bd7 6. Be2 Nge7 7. Na3 cxd4 8. cxd4
Nf5 9. Nc2 Qb6 10. O-O Na5 11. b3 Bb5 12. Bd2 Nc6 13. Rc1 Be7 14. Bc3 O-O-O 15.
b4 Kb8 16. Bxb5 Qxb5 17. a4 Qb6 18. Qd2 a6 19. Rb1 Na7 20. b5 axb5 21. axb5 Rc8
22. Ba5 Rxc2 23. Bxb6 Rxd2 24. Nxd2 Rc8 25. Nf3 Rc4 26. Rfd1 h5 27. h3 h4 28.
Kf1 Nc8 29. Ba5 b6 30. Be1 Na7 31. Ke2 f6 32. Rd3 fxe5 33. dxe5 Bc5 34. Kf1 Rc2
35. Bd2 Kc8 36. Rdb3 Ra2 37. R3b2 Ra4 38. Bb4 Kb7 39. Ng5 Nd4 40. Bc3 Naxb5 41.
Rxb5 Nxb5 42. Rxb5 Kc6 43. Rb2 d4 44. Bd2 Kd5 45. Ke2 Kxe5 46. Nf3+ Kd5 47. Ne1
e5 48. f3 Ra3 49. Nd3 e4 50. fxe4+ Kxe4 51. Nf2+ Kd5 52. Be1 g6 53. Nd3 Ke4 54.
Rd2 Be7 55. Nf2+ Kd5 56. Rd1 Re3+ 57. Kf1 b5 58. Rb1 Kc4 59. Ng4 Re6 60. Rc1+
Kd5 61. Rb1 Kc4 62. Nf2 Ba3 63. Nd1 g5 64. Nb2+ Kb3 65. Nd3+ Kc4 66. Nb2+ Kb3
67. Nd3+ Kc4 68. Nb2+ Kb3 69. Nd3+ 1/2-1/2

[Event "British ch-KO 2016"]
[Site "London ENG"]
[Date "2016.12.08"]
[Round "1.3"]
[White "Short, Nigel D"]
[Black "Fernandez, Daniel Howard"]
[Result "1-0"]
[WhiteTitle "GM"]
[BlackTitle "IM"]
[WhiteElo "2679"]
[BlackElo "2468"]
[WhiteFideId "400025"]
[BlackFideId "5801605"]
[EventDate "2016.12.08"]

1. e4 c6 2. Nf3 d5 3. Nc3 Bg4 4. h3 Bxf3 5. Qxf3 e6 6. g3 Nf6 7. Bg2 dxe4 8.
Nxe4 Nxe4 9. Qxe4 Qd5 10. O-O Qxe4 11. Bxe4 Nd7 12. b4 a6 13. a4 Be7 14. Rb1 O-O
15. b5 axb5 16. axb5 Rac8 17. bxc6 bxc6 18. Rb7 Rfd8 19. d3 Bf6 20. Be3 c5 21.
Rfb1 Bd4 22. Bd2 Rb8 23. Ba5 Rf8 24. R1b3 Rxb7 25. Rxb7 Nf6 26. Bf3 g6 27. Rc7
Nd5 28. Bxd5 exd5 29. c3 Ra8 30. cxd4 Rxa5 31. Rxc5 Ra3 32. Rxd5 Rxd3 33. Kf1
Kf8 34. Ke2 Ra3 35. Re5 Ra2+ 36. Kf3 Rd2 37. Ke3 Rd1 38. h4 f6 39. Rc5 h5 40.
Rc7 Ke8 41. Rg7 1-0

[Event "British ch-KO 2016"]
[Site "London ENG"]
[Date "2016.12.08"]
[Round "1.3"]
[White "McShane, Luke J"]
[Black "Hawkins, Jonathan"]
[Result "1-0"]
[WhiteTitle "GM"]
[BlackTitle "GM"]
[WhiteElo "2652"]
[BlackElo "2590"]
[WhiteFideId "404853"]
[BlackFideId "412686"]
[EventDate "2016.12.08"]

1. e4 e6 2. d4 d5 3. Nc3 Bb4 4. exd5 exd5 5. Bd3 Nc6 6. Ne2 Nge7 7. O-O Bf5 8.
Bxf5 Nxf5 9. Nf4 Nfe7 10. Qg4 Bxc3 11. bxc3 O-O 12. Ba3 Qc8 13. Qh5 Qd7 14. Rae1
Rfe8 15. Bxe7 Nxe7 16. Re5 c6 17. Rfe1 Ng6 18. Nxg6 fxg6 19. Qe2 Rxe5 20. Qxe5
Rf8 21. f3 a5 22. h3 b5 23. Re3 Rc8 24. a3 c5 25. dxc5 Qc6 26. Qd4 Rc7 27. Re5
Qxc5 28. Rxd5 Qxd4+ 29. cxd4 Rc4 30. Rxb5 a4 31. Rc5 Rxd4 32. Kf2 Rd2+ 33. Kg3
Kf7 34. Rc4 g5 35. f4 gxf4+ 36. Rxf4+ Ke6 37. Rxa4 Rxc2 38. Re4+ Kd6 39. Re3 g5
40. Kf3 h5 41. g4 hxg4+ 42. Kxg4 Rc4+ 43. Kxg5 Rc1 44. h4 Rg1+ 45. Kh6 Kd5 46.
h5 Kd4 47. Re6 Kd5 48. Re3 Kd4 49. Re7 Ra1 50. Kg7 Rxa3 51. h6 Rg3+ 52. Kf8 Kd5
53. h7 Rh3 54. Kg8 1-0

[Event "British ch-KO 2016"]
[Site "London ENG"]
[Date "2016.12.08"]
[Round "1.4"]
[White "Fernandez, Daniel Howard"]
[Black "Short, Nigel D"]
[Result "0-1"]
[WhiteTitle "IM"]
[BlackTitle "GM"]
[WhiteElo "2468"]
[BlackElo "2679"]
[WhiteFideId "5801605"]
[BlackFideId "400025"]
[EventDate "2016.12.08"]

1. Nf3 d5 2. c4 e6 3. g3 Nf6 4. Bg2 Be7 5. d4 O-O 6. O-O dxc4 7. Qc2 a6 8. Qxc4
b5 9. Qc2 Bb7 10. Bd2 Nc6 11. Rd1 Nxd4 12. Nxd4 Bxg2 13. Nxe6 Be4 14. Nxd8 Bxc2
15. Rc1 Rfxd8 16. Rxc2 c5 17. Nc3 c4 18. Bf4 Rac8 19. Rd1 Rxd1+ 20. Nxd1 Nd5 21.
Rd2 Rd8 22. Be5 f6 23. Bd4 f5 24. a3 Kf7 25. e3 Nc7 26. Bc3 Rxd2 27. Bxd2 Bf6
28. f3 Ne6 29. Bb4 h5 30. Kf2 Nd8 31. h4 Nc6 32. Bc3 Be7 33. e4 Bc5+ 34. Ke2
fxe4 35. fxe4 g6 36. Bd2 Bd4 37. Bc3 Bc5 38. Bd2 Bd4 39. Be3 Bg7 40. Bc1 Ke6 41.
Nf2 Nd4+ 42. Kd1 Nb3 43. Nh3 Be5 44. Ng5+ Ke7 45. Nf3 Bxg3 46. Bg5+ Ke6 47. Be3
Be5 48. Kc2 Bf6 49. Bb6 Na1+ 50. Kb1 Nb3 51. Kc2 Be7 52. Kb1 Nc5 53. Bxc5 Bxc5
54. Kc2 Be7 55. a4 bxa4 56. Kc3 Bf6+ 57. Kc2 Kd6 58. Nd2 Bxh4 59. Nxc4+ Ke6 60.
Nb6 Bf2 61. Nxa4 Bd4 62. Kd3 Ke5 63. b4 h4 64. Nc5 Bxc5 65. bxc5 h3 66. c6 0-1

[Event "British ch-KO 2016"]
[Site "London ENG"]
[Date "2016.12.08"]
[Round "1.4"]
[White "Hawkins, Jonathan"]
[Black "McShane, Luke J"]
[Result "0-1"]
[WhiteTitle "GM"]
[BlackTitle "GM"]
[WhiteElo "2590"]
[BlackElo "2652"]
[WhiteFideId "412686"]
[BlackFideId "404853"]
[EventDate "2016.12.08"]

1. d4 d5 2. c4 c6 3. Nf3 Nf6 4. Nc3 a6 5. e3 b5 6. b3 Bg4 7. Be2 e6 8. h3 Bh5 9.
g4 Bg6 10. Ne5 Bb4 11. Bd2 Bxc3 12. Bxc3 Ne4 13. Rc1 Nd7 14. Nxg6 hxg6 15. Kf1
Nxc3 16. Rxc3 O-O 17. Kg2 Qa5 18. Rc2 bxc4 19. bxc4 Rfb8 20. cxd5 cxd5 21. Qa1
Rc8 22. Rhc1 Rxc2 23. Rxc2 Rb8 24. Qc3 Qxc3 25. Rxc3 Rb2 26. Bxa6 Rxa2 27. Rc8+
Nf8 28. Bb5 g5 29. Kg3 g6 30. Rc7 Ra8 31. Re7 Nh7 32. Be8 Nf6 33. Bxf7+ Kf8 34.
Rc7 Ne4+ 35. Kh2 Ra2 36. Bxe6 Rxf2+ 37. Kg1 Rf3 38. Bxd5 Rxe3 39. Rf7+ Ke8 40.
Rg7 Nc3 41. Bg2 Re6 42. Kf2 Nd1+ 43. Kg3 Nc3 44. Kf3 Nd5 45. Ra7 Nf4 46. Bf1 Rd6
47. Ra4 Ke7 48. Kf2 Kf6 49. Ke3 Nd5+ 50. Kd3 Nf4+ 51. Kc4 Rc6+ 52. Kb4 Nd5+ 53.
Kb5 Rc1 54. Ra6+ Ke7 55. Ra7+ Kd6 56. Bd3 Nc7+ 57. Kb4 Nd5+ 58. Ka5 Ra1+ 0-1

[Event "British ch-KO 2016"]
[Site "London ENG"]
[Date "2016.12.09"]
[Round "2.1"]
[White "McShane, Luke J"]
[Black "Short, Nigel D"]
[Result "1/2-1/2"]
[WhiteTitle "GM"]
[BlackTitle "GM"]
[WhiteElo "2652"]
[BlackElo "2679"]
[WhiteFideId "404853"]
[BlackFideId "400025"]
[EventDate "2016.12.08"]

1. e4 e5 2. Nf3 Nc6 3. Bb5 a6 4. Ba4 Nf6 5. O-O Nxe4 6. d4 b5 7. Bb3 d5 8. dxe5
Be6 9. Qe2 Be7 10. Rd1 O-O 11. c4 bxc4 12. Bxc4 Bc5 13. Be3 Bxe3 14. Qxe3 Qb8
15. Bb3 Na5 16. Nd4 Qa7 17. Nc3 Nxc3 18. Qxc3 Nxb3 19. Nxb3 Rfc8 20. Rac1 c6 21.
h3 Rab8 22. Rd2 h6 23. Qc5 Qxc5 24. Rxc5 g5 25. Nd4 Bd7 26. a3 a5 27. b3 Kg7 28.
g4 Re8 29. Re2 Ra8 30. Kg2 h5 31. f3 Re7 32. Kf2 Ree8 33. gxh5 Rh8 34. Nxc6 Bxc6
35. Rxc6 Rxh5 36. Ke3 Rb8 37. Rc3 Rxh3 38. Rd3 g4 39. Rf2 Kg6 40. Kf4 f5 41.
Rxd5 Rxf3+ 42. Rxf3 gxf3 43. Rd6+ Kf7 44. Kxf3 Rxb3+ 45. Kf4 Rxa3 1/2-1/2

[Event "British ch-KO 2016"]
[Site "London ENG"]
[Date "2016.12.09"]
[Round "2.1"]
[White "Jones, Gawain C B"]
[Black "Howell, David W L"]
[Result "1/2-1/2"]
[WhiteTitle "GM"]
[BlackTitle "GM"]
[WhiteElo "2667"]
[BlackElo "2644"]
[WhiteFideId "409561"]
[BlackFideId "410608"]
[EventDate "2016.12.08"]

1. e4 e5 2. Nf3 Nc6 3. d4 exd4 4. Nxd4 Bc5 5. Nxc6 Qf6 6. Qf3 dxc6 7. Nc3 Be6 8.
Be3 Bb4 9. Bd2 O-O-O 10. a3 Bc5 11. Bd3 Qxf3 12. gxf3 Bd4 13. f4 f5 14. exf5 Bd7
15. Be3 Bxc3+ 16. bxc3 Nh6 17. f6 gxf6 18. Bxa7 Bf5 19. Bxf5+ Nxf5 20. Be3 Rhe8
21. Ke2 Re4 22. Rhe1 Rc4 23. Red1 Re8 24. Kd3 b5 25. a4 Rd8+ 26. Ke2 Rxd1 27.
Rxd1 Rxc3 28. axb5 cxb5 29. Kd2 Ra3 30. Rg1 Kb7 31. h4 Nxh4 32. Rh1 Nf5 33. Rxh7
Nd6 34. Bd4 Kc6 35. Bxf6 Ne4+ 36. Kc1 Nxf6 37. Rh6 Kd5 38. Rxf6 c5 39. Rb6 Kc4
40. Kb2 Rf3 41. f5 Rxf5 42. Rh6 Rf4 43. f3 Rxf3 44. Rh4+ Kd5 45. c4+ bxc4 46.
Kc2 Re3 47. Rg4 Re4 48. Rg8 Re2+ 49. Kc3 Re3+ 50. Kc2 c3 51. Rg4 Kc6 52. Rc4 Kb5
53. Rxc3 Rxc3+ 54. Kxc3 c4 55. Kc2 Kb4 56. Kb2 c3+ 57. Kc2 Kc4 58. Kc1 Kd3 59.
Kd1 c2+ 60. Kc1 Kc3 1/2-1/2

[Event "British ch-KO 2016"]
[Site "London ENG"]
[Date "2016.12.10"]
[Round "2.2"]
[White "Short, Nigel D"]
[Black "McShane, Luke J"]
[Result "1/2-1/2"]
[WhiteTitle "GM"]
[BlackTitle "GM"]
[WhiteElo "2679"]
[BlackElo "2652"]
[WhiteFideId "400025"]
[BlackFideId "404853"]
[EventDate "2016.12.08"]
[EventType "k.o."]

1. e4 e5 2. Nf3 Nc6 3. Bc4 Bc5 4. d3 Nf6 5. O-O d6 6. c3 a6 7. a4 Ba7 8. Re1 h6
9. Nbd2 O-O 10. b4 Ne7 11. d4 Ng6 12. h3 Be6 13. dxe5 Nxe5 14. Nxe5 dxe5 15. Qe2
Re8 16. Nb3 Qd7 17. Qf1 Nh5 18. Be3 Bxe3 19. Rxe3 Bxc4 20. Qxc4 Nf4 21. a5 Rad8
22. Kh2 Qe6 23. Qxe6 Nxe6 24. g3 Rd6 25. Kg2 Red8 26. Kf1 Kf8 27. Ke2 Ke7 28. h4
h5 29. Ra2 Rd1 30. Rb2 R8d7 31. Rd2 R7xd2+ 32. Nxd2 Rc1 33. Kd3 f6 34. Re2 Rh1
35. Nf3 Kd7 36. Re1 Rxe1 37. Nxe1 Kc6 38. Ng2 b6 39. axb6 cxb6 40. f4 a5 41. f5
Nd8 42. Ne3 axb4 43. cxb4 Nf7 44. Nd5 Nd6 45. Nc3 b5 46. Nd1 Kd7 47. Nf2 Ke7 48.
g4 hxg4 49. Nxg4 Kf7 50. h5 Kg8 51. h6 Kh7 52. hxg7 Kxg7 53. Ke3 Nf7 54. Ke2 Nd6
55. Kd3 1/2-1/2

[Event "British ch-KO 2016"]
[Site "London ENG"]
[Date "2016.12.10"]
[Round "2.2"]
[White "Howell, David W L"]
[Black "Jones, Gawain C B"]
[Result "1-0"]
[WhiteTitle "GM"]
[BlackTitle "GM"]
[WhiteElo "2644"]
[BlackElo "2667"]
[WhiteFideId "410608"]
[BlackFideId "409561"]
[EventDate "2016.12.08"]
[EventType "k.o."]

1. e4 c5 2. Nf3 d6 3. d4 cxd4 4. Nxd4 Nf6 5. Nc3 g6 6. Be3 Bg7 7. f3 Nc6 8. Qd2
O-O 9. O-O-O d5 10. Qe1 e6 11. Kb1 Qe7 12. Nb3 Rd8 13. Bb5 dxe4 14. Bc5 Qc7 15.
Rxd8+ Qxd8 16. Nxe4 Nxe4 17. Qxe4 e5 18. g4 Be6 19. Bc4 Bxc4 20. Qxc4 Qf6 21.
Qe4 Rd8 22. Be3 Rd6 23. a3 Qd8 24. Ka2 Qc8 25. g5 Qh3 26. Qg4 Qxg4 27. fxg4 b6
28. Nd2 Kf8 29. Ne4 Rd8 30. h4 Ke7 31. h5 Nd4 32. c3 Ne6 33. Kb3 Nc7 34. a4 Nd5
35. Bc1 Ke6 36. Rf1 Rd7 37. Kc2 gxh5 38. gxh5 f5 39. gxf6 Nxf6 40. Ng5+ Ke7 41.
Rf5 Nxh5 42. Nxh7 Nf6 43. Rxe5+ Kd6 44. Nxf6 Bxf6 45. Rh5 Be5 46. Kb3 Re7 47.
Bg5 Rg7 48. Bh6 Rf7 49. Kc4 Rf2 50. b4 Rg2 51. Bf8+ Ke6 52. Rh3 Rc2 53. Re3 Kf5
54. Rd3 Ke6 55. Re3 Kf5 56. Rh3 Ke6 57. Rf3 a6 58. Re3 Kf5 59. Rd3 Ke6 60. Re3
Kf5 61. b5 axb5+ 62. axb5 Rd2 63. Rh3 Rd8 64. Bb4 Ke6 65. Rh6+ Bf6 66. Rh7 Rd7
67. Rh2 Be5 68. Rh6+ Bf6 69. Rh2 Be5 70. Re2 Rh7 71. Kb3 Rh3 72. Re1 Kd5 73.
Rd1+ Ke6 74. Re1 Kd5 75. Rg1 Bf6 76. Rd1+ Ke4 77. Rd6 Be5 78. Rxb6 Kd3 79. Re6
Bf4 80. Re7 Rh1 81. Rd7+ Ke4 82. Kc4 Rh6 83. Bc5 Ke5 84. Re7+ Kf6 85. Re8 Rh1
86. Rf8+ Kg5 87. b6 Rh7 88. Kb5 Be5 89. Bd4 Bd6 90. Rf1 Bf4 91. Ka6 Rh2 92. Rxf4
Ra2+ 93. Kb7 Kxf4 94. Kc7 Re2 95. b7 Re7+ 96. Kb6 Re8 97. Ka7 Re7 98. Ka8 1-0

[Event "British ch-KO 2016"]
[Site "London ENG"]
[Date "2016.12.10"]
[Round "2.3"]
[White "McShane, Luke J"]
[Black "Short, Nigel D"]
[Result "0-1"]
[WhiteTitle "GM"]
[BlackTitle "GM"]
[WhiteElo "2652"]
[BlackElo "2679"]
[WhiteFideId "404853"]
[BlackFideId "400025"]
[EventDate "2016.12.08"]
[EventType "k.o."]

1. e4 e5 2. Nf3 Nc6 3. Bb5 a6 4. Ba4 d6 5. O-O Bd7 6. Re1 g6 7. Bxc6 Bxc6 8. d4
Bg7 9. Nc3 Ne7 10. Be3 O-O 11. Qe2 b6 12. Rad1 Qc8 13. dxe5 dxe5 14. Qc4 h6 15.
Bc1 Qb7 16. b3 Rfe8 17. a4 b5 18. axb5 axb5 19. Qd3 b4 20. Nb1 Nc8 21. Nbd2 Nd6
22. Qe2 Ra2 23. Nc4 Nxe4 24. Qe3 Nc3 25. Rd2 Bd5 26. h4 Bxc4 27. bxc4 Qc6 28. h5
g5 29. Nd4 Qxc4 30. Nf5 Qe6 31. g4 Bf8 32. Qd3 c5 33. Qf3 e4 34. Qg3 Ra1 35. Rf1
Rb1 36. Ne3 Qe5 37. Qxe5 Rxe5 38. Kg2 Re8 39. Rd7 Ne2 40. Bd2 Rxf1 41. Kxf1 Nd4
42. c3 Nf3 43. cxb4 Nxd2+ 44. Rxd2 cxb4 45. Ke2 Rb8 46. Kd1 b3 47. Kc1 Bg7 48.
Nf5 Ra8 49. Nxg7 Kxg7 50. Rd4 Ra2 51. Rxe4 Rxf2 52. Re3 Rg2 53. Re4 f5 54. gxf5
Kf6 55. Re6+ Kxf5 56. Rxh6 Kg4 57. Rh8 Kh4 58. h6 Kh5 59. Kb1 g4 60. Kc1 g3 61.
Kb1 Kg6 62. Ka1 Ra2+ 63. Kb1 g2 64. Rg8+ Kxh6 65. Rg3 Rf2 0-1

[Event "British ch-KO 2016"]
[Site "London ENG"]
[Date "2016.12.10"]
[Round "2.4"]
[White "Short, Nigel D"]
[Black "McShane, Luke J"]
[Result "1-0"]
[WhiteTitle "GM"]
[BlackTitle "GM"]
[WhiteElo "2679"]
[BlackElo "2652"]
[WhiteFideId "400025"]
[BlackFideId "404853"]
[EventDate "2016.12.08"]
[EventType "k.o."]

1. e4 d6 2. d4 g6 3. Be3 Bg7 4. Nc3 a6 5. h4 Nf6 6. f3 b5 7. g4 h5 8. e5 Nfd7 9.
gxh5 Rxh5 10. e6 fxe6 11. Bd3 Nf8 12. f4 Bb7 13. Bxg6+ Kd7 14. Bxh5 Bxh1 15. Bf3
Bxf3 16. Nxf3 Qe8 17. Ng5 Qg6 18. Qf3 Nc6 19. O-O-O Rb8 20. Nce4 b4 21. Nc5+
dxc5 22. dxc5+ Bd4 23. Bxd4 Qe8 24. Bg7+ Kc8 25. Bxf8 Kb7 26. Nxe6 Qg6 27. Nd8+
Rxd8 28. Rxd8 Qg1+ 29. Rd1 Qg8 30. Bxe7 Qxa2 31. Bf6 Qc4 32. b3 Qxc5 33. Kb1 1-0

[Event "British ch-KO 2016"]
[Site "London ENG"]
[Date "2016.12.11"]
[Round "3.1"]
[White "Howell, David W L"]
[Black "Short, Nigel D"]
[Result "1/2-1/2"]
[WhiteTitle "GM"]
[BlackTitle "GM"]
[WhiteElo "2644"]
[BlackElo "2679"]
[WhiteFideId "410608"]
[BlackFideId "400025"]
[EventDate "2016.12.08"]

1. e4 e5 2. Nf3 Nc6 3. Bc4 Bc5 4. c3 Nf6 5. d3 a6 6. O-O Ba7 7. Re1 O-O 8. a4 h6
9. h3 d6 10. Nbd2 Be6 11. b4 Qd7 12. Bxe6 Qxe6 13. Qb3 g5 14. Qxe6 fxe6 15. Nf1
Nh5 16. Be3 Nf4 17. Bxa7 Nxa7 18. Re3 a5 19. b5 Nc8 20. N1d2 Nb6 21. d4 Rad8 22.
Kh2 Ng6 23. g3 Kf7 24. Kg2 Ke7 25. Ne1 Rf7 26. Nd3 Rdf8 27. Re2 Rf6 28. Ra2 R6f7
29. Ra1 Rf6 30. Nb2 R6f7 31. Rc1 Nd7 32. Nbc4 b6 33. Nb2 Kd8 34. Nd3 Ke7 35. Nc4
Kf6 36. Re3 Kg7 37. Rc2 exd4 38. cxd4 h5 39. e5 d5 40. Nd2 Nb8 41. Nf3 Kh6 42.
h4 gxh4 43. Nxh4 Nxh4+ 44. gxh4 c6 45. Rg3 cxb5 46. axb5 a4 47. Ra2 Ra7 48. Nb2
Ra5 49. Nxa4 Nd7 50. Nc3 Rxa2 51. Nxa2 Rf4 52. Rd3 Rxh4 53. Nb4 Nxe5 54. Re3 Ng6
55. Rxe6 Rxd4 56. Nc6 Rg4+ 57. Kh2 Kg5 58. Ne7 Nxe7 59. Rxe7 Kf5 60. Rh7 Rg6 61.
Rxh5+ Ke4 62. f3+ Kd4 63. f4 Kc4 64. Rg5 Rd6 65. Kg3 Kxb5 66. f5 Kc5 67. Kf4 b5
68. Rg1 d4 69. Ke5 Rd8 70. Rc1+ Kb4 71. Rb1+ Kc4 72. Rc1+ Kd3 73. f6 b4 74. f7
Rf8 75. Rc7 Ke3 76. Kd5 d3 77. Kc4 d2 78. Re7+ Kf3 79. Rd7 Ke2 80. Re7+ Kd1 81.
Kb3 Kc1 82. Rc7+ Kb1 83. Rd7 Rxf7 84. Rxd2 Rf3+ 1/2-1/2